[Event "Oberliga Nord O 2324"]
[Site "Germany"]
[Date "2023.12.03"]
[Round "3.5"]
[White "Gebert Vangeel, Ralf"]
[Black "Nitsche Hahn, Raphael"]
[Result "0-1"]
[WhiteElo "1995"]
[BlackElo "2129"]
[PlyCount "110"]
[EventDate "2023.10.22"]
[EventType "team-tourn"]
[EventRounds "9"]
[EventCountry "GER"]
[SourceTitle "EXT 2025"]
[Source "ChessBase"]
[SourceDate "2024.10.14"]
[SourceVersion "1"]
[SourceVersionDate "2024.10.14"]
[SourceQuality "1"]
[WhiteTeam "Guestrow/Teterow"]
[BlackTeam "Berlin Empor"]
[WhiteTeamCountry "GER"]
[BlackTeamCountry "GER"]

1. e4 c5 2. Nf3 Nc6 3. Bb5 Nf6 4. e5 Nd5 5. 0-0 Nc7 6. Bxc6 dxc6 7. d3 Bg4 8. Be3 Ne6 9. Nbd2 g6 10. h3 Bxf3 11. Qxf3 Bg7 12. Qe4 Qd5 13. f4 0-0-0 14. Qa4 Kb8 15. b4 g5 16. fxg5 Bxe5 17. Rae1 Rhg8 18. Nf3 Bc3 19. Rb1 Bd4 20. Bxd4 Nxd4 21. bxc5 Qxc5 22. Kh1 Nxf3 23. Rxf3 Qxg5 24. Rg1 f6 25. Qe4 Rg7 26. Rf4 Qd5 27. Qxd5 Rxd5 28. Re1 Kc7 29. Rfe4 Kd6 30. Re6+ Kd7 31. R6e4 e5 32. g4 Ke6 33. Kh2 c5 34. Ra4 b6 35. Rae4 Rd4 36. R1e3 Rgd7 37. Kg3 Rxe4 38. Rxe4 Rd4 39. Re1 c4 40. Re3 cxd3 41. cxd3 Ra4 42. Re2 Ra3 43. Rd2 e4 44. Kf4 exd3 45. Ke4 Rc3 46. Kd4 Rc2 47. Rxd3 Rxa2 48. Re3+ Kf7 49. Kd5 Ra4 50. Rf3 Rb4 51. Kd6 h6 52. Rc3 a5 53. Rg3 a4 54. h4 Kg6 55. Ke6 b5 0-1

[Event "Neubrandenburg-chA"]
[Site "Neubrandenburg"]
[Date "2022.04.11"]
[Round "5"]
[White "Roehl, Rainer"]
[Black "Gebert Vangeel, Ralf"]
[Result "1-0"]
[WhiteElo "1970"]
[BlackElo "2061"]
[PlyCount "51"]
[EventDate "2022.04.09"]
[EventType "swiss"]
[EventRounds "7"]
[EventCountry "GER"]
[SourceTitle "CBM 207 Extra"]
[Source "ChessBase"]
[SourceDate "2022.05.31"]
[SourceVersion "1"]
[SourceVersionDate "2022.05.31"]
[SourceQuality "1"]

1. d4 d5 2. Nf3 Nf6 3. e3 c5 4. c3 e6 5. Bd3 Nbd7 6. Nbd2 b6 7. e4 Bb7 8. e5 Ne4 9. Qe2 cxd4 10. cxd4 Bb4 11. 0-0 Nxd2 12. Nxd2 0-0 13. f4 f5 14. Nf3 Be7 15. Bd2 Rf7 16. Rfc1 h6 17. Ba6 Bxa6 18. Qxa6 g5 19. Rc2 g4 20. Ne1 Bf8 21. Rac1 Nb8 22. Qc8 Qd7 23. Rc7 Qxc8 24. Rxc8 Rb7 25. Bb4 Rf7 26. Bd6 1-0

[Event "Neubrandenburg-chA"]
[Site "Neubrandenburg"]
[Date "2022.04.09"]
[Round "1"]
[White "Knoop, Sascha"]
[Black "Gebert Vangeel, Ralf"]
[Result "0-1"]
[WhiteElo "1830"]
[BlackElo "2061"]
[PlyCount "82"]
[EventDate "2022.04.09"]
[EventType "swiss"]
[EventRounds "7"]
[EventCountry "GER"]
[SourceTitle "CBM 207 Extra"]
[Source "ChessBase"]
[SourceDate "2022.05.31"]
[SourceVersion "1"]
[SourceVersionDate "2022.05.31"]
[SourceQuality "1"]

1. d4 d5 2. c4 c6 3. Nf3 Nf6 4. e3 Bf5 5. Nc3 e6 6. Nh4 Bg4 7. f3 Bh5 8. g3 Bd6 9. Bd2 Qc7 10. Qe2 dxc4 11. e4 Be7 12. Qxc4 Nbd7 13. Be2 a6 14. a4 0-0 15. Kf2 Nb6 16. Qb3 Qd8 17. Ng2 c5 18. dxc5 Bxc5+ 19. Be3 Qe7 20. Rac1 Nbd7 21. Rhd1 g5 22. Kf1 Bxe3 23. Nxe3 Ne5 24. Kf2 Bg6 25. h3 Nc6 26. Qb6 Rfd8 27. Bf1 h5 28. g4 h4 29. Nc4 Rab8 30. e5 Nd7 31. Qe3 Qc5 32. Qxc5 Nxc5 33. Re1 Nb4 34. Ne4 Bxe4 35. fxe4 Ncd3+ 36. Kg2 Nxe1+ 37. Rxe1 Nd3 38. Bxd3 Rxd3 39. Re2 b5 40. axb5 Rxb5 41. Rf2 Rd7 0-1

[Event "DSOL 03 Liga Gr-C 1st"]
[Site "Playchess.com INT"]
[Date "2020.07.14"]
[Round "4.2"]
[White "Jurkic, Bosiljko"]
[Black "Gebert Vangeel, Ralf"]
[Result "1-0"]
[WhiteElo "1997"]
[BlackElo "2019"]
[PlyCount "143"]
[EventDate "2020.06.22"]
[EventType "team-tourn (rapid)"]
[EventCountry "GER"]
[SourceTitle "EXT 2021"]
[Source "ChessBase"]
[SourceDate "2020.10.23"]
[SourceVersion "1"]
[SourceVersionDate "2020.10.23"]
[SourceQuality "1"]
[WhiteTeam "Bad Wimpfen"]
[BlackTeam "Mariendorf Tempelhof"]
[WhiteTeamCountry "GER"]
[BlackTeamCountry "GER"]

1. b3 e5 2. Bb2 d6 3. e3 Nf6 4. Nf3 c5 5. d4 cxd4 6. exd4 e4 7. Nfd2 Qe7 8. Bb5+ Bd7 9. Bxd7+ Nbxd7 10. Qe2 0-0-0 11. c4 Kb8 12. 0-0 Re8 13. Re1 Qd8 14. Nc3 d5 15. c5 h5 16. Nf1 Ka8 17. Ne3 Nb8 18. a3 Nc6 19. Na4 Qb8 20. h3 g5 21. g3 Qc8 22. Kg2 g4 23. h4 Bh6 24. b4 Bxe3 25. fxe3 Nd7 26. Rf1 f6 27. Nc3 Ne7 28. Nb5 Qc6 29. Rac1 Nc8 30. Rf5 Ne7 31. Rf4 Nc8 32. a4 Re6 33. Nc3 Ne7 34. b5 Qc7 35. Ba3 Rd8 36. c6 Nb6 37. Bxe7 Qxe7 38. cxb7+ Kxb7 39. a5 Qa3 40. Rff1 Qxa5 41. Rfe1 Qb4 42. Qa2 Nc4 43. Na4 Red6 44. Nc5+ Ka8 45. Ra1 Qd2+ 46. Re2 Qxa2 47. Rexa2 R8d7 48. Nxd7 Rxd7 49. Kf2 Rb7 50. Rb1 Kb8 51. Ra6 Nb6 52. Rc1 Rf7 53. Rc6 Kb7 54. Rd6 Rf8 55. Raxb6+ axb6 56. Rd7+ Kb8 57. Rxd5 f5 58. Rd7 Rc8 59. Rf7 Rc2+ 60. Kf1 Rc1+ 61. Kf2 Rc2+ 62. Kf1 Rc1+ 63. Ke2 Rc2+ 64. Kd1 Rg2 65. d5 Rxg3 66. Kd2 Rg2+ 67. Kc3 f4 68. Rxf4 g3 69. d6 Re2 70. Rf8+ Kb7 71. d7 Rxe3+ 72. Kc4 1-0

[Event "Mecklenburg VP Verbandsliga 1920"]
[Site "Mecklenburg VP"]
[Date "2020.03.01"]
[Round "7.5"]
[White "Paulowitz, Bernd Rainer"]
[Black "Gebert Vangeel, Ralf"]
[Result "1-0"]
[WhiteElo "1904"]
[BlackElo "2033"]
[PlyCount "115"]
[EventDate "2019.09.29"]
[EventType "team-tourn"]
[EventRounds "9"]
[EventCountry "GER"]
[SourceTitle "EXT 2023"]
[Source "ChessBase"]
[SourceDate "2022.10.05"]
[SourceVersion "1"]
[SourceVersionDate "2022.10.05"]
[SourceQuality "1"]
[WhiteTeam "Stralsund HSG"]
[BlackTeam "Guestrow/Teterow"]
[WhiteTeamCountry "GER"]
[BlackTeamCountry "GER"]

1. Nf3 Nf6 2. c4 c5 3. Nc3 Nc6 4. g3 g6 5. Bg2 Bg7 6. 0-0 0-0 7. d3 e6 8. Bf4 Ne8 9. Qd2 d6 10. e4 a6 11. Rab1 b5 12. Bh6 b4 13. Ne2 e5 14. a3 a5 15. a4 Bg4 16. h3 Be6 17. b3 Ra7 18. g4 Ne7 19. Ng3 Kh8 20. Nh2 Ng8 21. Bxg7+ Nxg7 22. f4 exf4 23. Qxf4 Bc8 24. Rbd1 Ne6 25. Qf2 Nd4 26. Qb2 f6 27. Nf3 Nxf3+ 28. Rxf3 Qe7 29. d4 Qg7 30. dxc5 dxc5 31. Rd5 Rc7 32. Qf2 Qe7 33. Rfd3 Rc6 34. Qd2 Qc7 35. Ne2 g5 36. e5 Re6 37. exf6 Rexf6 38. Qxg5 Qe7 39. Qe5 Qxe5 40. Rxe5 Rf2 41. Rde3 R2f6 42. Re8 Kg7 43. Rxf8 Kxf8 44. Re5 Ne7 45. Rxc5 Re6 46. Nf4 Re3 47. Nd5 Re5 48. Rc7 Ba6 49. Nxe7 Rxe7 50. Rc5 Ke8 51. Rxa5 Re6 52. Kf2 Kd7 53. Rg5 h6 54. Rg7+ Kd6 55. Bd5 Rf6+ 56. Ke3 Bc8 57. Rf7 Rg6 58. Kd4 1-0

[Event "GER-chT Betriebe 17th"]
[Site "Berlin"]
[Date "2017.11.03"]
[Round "3.3"]
[White "Petenev, Yuriy"]
[Black "Gebert Vangeel, Ralf"]
[Result "1-0"]
[WhiteElo "1959"]
[BlackElo "2035"]
[PlyCount "79"]
[EventDate "2017.11.02"]
[EventType "team-swiss"]
[EventRounds "7"]
[EventCountry "GER"]
[SourceTitle "EXT 2020"]
[Source "ChessBase"]
[SourceDate "2019.10.17"]
[SourceVersion "1"]
[SourceVersionDate "2019.10.17"]
[SourceQuality "1"]
[WhiteTeam "Berlin Tempelhof"]
[BlackTeam "Berlin Osram"]
[WhiteTeamCountry "GER"]
[BlackTeamCountry "GER"]

1. d4 d5 2. c4 c6 3. e3 Nf6 4. Nc3 e6 5. Nf3 Nbd7 6. a3 Be7 7. c5 Qc7 8. b4 e5 9. dxe5 Nxe5 10. Be2 a5 11. Na4 Bf5 12. Bb2 Nxf3+ 13. Bxf3 0-0 14. Qd4 Ne8 15. Nb6 Rd8 16. bxa5 Bf6 17. Qd2 Be5 18. h3 f6 19. 0-0 Qe7 20. Rac1 Nc7 21. Rfd1 Ne6 22. Bd4 Qc7 23. Bb2 Ng5 24. Bg4 Ne4 25. Bxe5 fxe5 26. Qe2 Bxg4 27. Qxg4 Qe7 28. f3 Nf6 29. Qb4 Nh5 30. Qa4 Qg5 31. Rc3 Ng3 32. Qc2 Nf5 33. Qf2 d4 34. exd4 exd4 35. Rcd3 Ne3 36. Re1 Qxc5 37. Qd2 Kh8 38. Na4 Qg5 39. Re2 Qf4 40. Nc5 1-0

[Event "Berlin Lichtenberger op 16th"]
[Site "Berlin"]
[Date "2017.08.24"]
[Round "6"]
[White "Gebert Vangeel, Ralf"]
[Black "Scholta, Danilo"]
[Result "1-0"]
[WhiteElo "2060"]
[BlackElo "1793"]
[PlyCount "63"]
[EventDate "2017.08.19"]
[EventType "swiss"]
[EventRounds "9"]
[EventCountry "GER"]
[SourceTitle "CBM 180 Extra"]
[Source "ChessBase"]
[SourceDate "2017.10.06"]
[SourceVersion "1"]
[SourceVersionDate "2017.10.06"]
[SourceQuality "1"]

1. e4 d5 2. exd5 Qxd5 3. Nc3 Qa5 4. d4 c6 5. Nf3 Bf5 6. Be2 Nf6 7. 0-0 e6 8. Ne5 Bd6 9. Bf4 Qc7 10. a3 0-0 11. Bf3 Nbd7 12. Re1 Rad8 13. Qe2 Rde8 14. g4 Bg6 15. Bg3 h6 16. Na4 Bxe5 17. dxe5 Nd5 18. c4 Ne7 19. b4 Bh7 20. Rad1 Rd8 21. Nc3 Nb6 22. Be4 Ng6 23. c5 Rxd1 24. Rxd1 Nd5 25. Bxd5 cxd5 26. Nb5 Qb8 27. Nd6 Ne7 28. Qb5 b6 29. Qd7 Nc8 30. c6 Nxd6 31. exd6 Qc8 32. Qxc8 1-0

[Event "Berlin Cup KO"]
[Site "Berlin"]
[Date "2016.09.15"]
[Round "2.1"]
[White "Gebert Vangeel, Ralf"]
[Black "Heerde, Thomas"]
[Result "0-1"]
[WhiteElo "1926"]
[BlackElo "2009"]
[PlyCount "116"]
[EventDate "2016.09.08"]
[EventType "k.o."]
[EventRounds "5"]
[EventCountry "GER"]
[SourceTitle "EXT 2022"]
[Source "ChessBase"]
[SourceDate "2021.10.06"]
[SourceVersion "1"]
[SourceVersionDate "2021.10.06"]
[SourceQuality "1"]

1. e4 c5 2. Nf3 g6 3. d4 cxd4 4. Qxd4 Nf6 5. e5 Nc6 6. Qa4 Nd5 7. Qe4 Nb6 8. Nc3 d5 9. Qf4 Bg7 10. Bb5 0-0 11. Be3 f6 12. exf6 Bxf6 13. Qh6 Bg7 14. Qh4 e5 15. Bg5 Qc7 16. 0-0 e4 17. Nd2 Nd4 18. f3 Nf5 19. Qe1 Qc5+ 20. Kh1 Bxc3 21. bxc3 Qxb5 22. fxe4 dxe4 23. Nxe4 Qc6 24. Rd1 Bd7 25. Rf2 Rae8 26. Re2 h6 27. Nf6+ Rxf6 28. Rxe8+ Bxe8 29. Bxf6 Kf7 30. Bd4 Nd5 31. Qf2 Nxc3 32. Bxc3 Qxc3 33. Re1 Bc6 34. Qe2 h5 35. Kg1 Qd4+ 36. Kf1 Qd5 37. Kg1 Qxa2 38. Rf1 Qe6 39. Qd2 Qd5 40. Qe2 Bb5 41. c4 Qxc4 42. Rxf5+ gxf5 43. Qxh5+ Kf6 44. Qh8+ Ke6 45. h4 Qc5+ 46. Kh1 Bc6 47. Qg8+ Ke5 48. Qg7+ Ke4 49. h5 Qe5 50. Qg5 f4 51. Qh4 Kd3 52. h6 f3 53. gxf3 Bxf3+ 54. Kg1 Qe3+ 55. Kh2 Qe2+ 56. Kg3 Qe1+ 57. Kh3 Qxh4+ 58. Kxh4 Be4 0-1